000 01307nam a2200313 i 4500
003 DO-SdBNP
005 20250203085343.0
007 ta
008 110301s2018 dr ac 000 0 spa d
020 _a9789945909722
040 _aDO-SdBNP
_bspa
_cBNPHU
_erda
082 4 _a790.132
_bL579p
_222
245 0 3 _aLa pasión del coleccionismo :
_bun oficio del futuro /
_ccolaboración, Issac Rudman ; traducción al ingles, Leslie Polanco ; fotografías, Dahiana J. Vásquez, Karina Meléndez
264 1 _aSanto Domingo :
_bEditor Centro León,
_c2018.
300 _a104 páginas :
_bilustraciones, retratos ;
_c25 cm.
336 _atexto
_btxt
_2rdacontent
337 _asin mediación
_bn
_2rdamedia
338 _avolumen
_bnc
_2rdacarrier
500 _aSeminario sobre coleccionismo desarrollado a propósito de la exposición 7,300 días en la colección de Juan Manuel Portela Bisonó.
590 _aInventariado, 2022/ YL
650 4 _aArte
_928401
650 4 _aColeccionistas y colecciones
_zRepública Dominicana
_982714
700 1 _aRudman, Isaac,
_ecolaborador
_4col.
_955839
700 1 _aPolanco, Leslie,
_etradaductor
_4tr.
_982715
700 1 _aVásquez, Dahiana J.,
_efotográfo
_981501
_4fot.
700 1 _aMeléndez, Karina
_efotográfo
_982716
_4fot.
910 _aYLockward
942 _2ddc
_cLBS1
999 _c52797
_d52797